Maximum Power Point Tracking (MPPT) For Solar Charger / (Record no. 566085)
[ view plain ]
| 000 -LEADER | |
|---|---|
| fixed length control field | 00690nam a22001817a 4500 |
| 020 ## - INTERNATIONAL STANDARD BOOK NUMBER | |
| Qualifying information | Hard Cover. |
| 082 ## - DEWEY DECIMAL CLASSIFICATION NUMBER | |
| Classification number | BEE-5 FUR |
| 100 ## - MAIN ENTRY--PERSONAL NAME | |
| Personal name | Hafiz Furqan Ahmed : Hafiz Muhammad Ahmed : Abdul Mannan |
| 245 ## - TITLE STATEMENT | |
| Title | Maximum Power Point Tracking (MPPT) For Solar Charger / |
| Statement of responsibility, etc. | Ahmed, Hafiz Furqan : Muhammad Ahmed, Hafiz : Mannan, Abdul |
| 260 ## - PUBLICATION, DISTRIBUTION, ETC. | |
| Place of publication, distribution, etc. | Islamabad: |
| Name of publisher, distributor, etc. | SEECS NUST, |
| Date of publication, distribution, etc. | 2012. |
| 300 ## - PHYSICAL DESCRIPTION | |
| Extent | 101 p. : |
| Other physical details | ill. ; |
| Dimensions | 30cm. |
| 563 ## - BINDING INFORMATION | |
| Binding note | a |
| 650 ## - SUBJECT ADDED ENTRY--TOPICAL TERM | |
| Topical term or geographic name entry element | Bachelor of Electrical Electronics Engineering. |
| 700 ## - ADDED ENTRY--PERSONAL NAME | |
| Personal name | Dr. Habib ur Rehman |
| 856 ## - Uniform Resource Identifier | |
| Uniform Resource Identifier | <a href="http://10.250.8.41:8080/xmlui/handle/123456789/10818">http://10.250.8.41:8080/xmlui/handle/123456789/10818</a> |
| 942 ## - ADDED ENTRY ELEMENTS (KOHA) | |
| Source of classification or shelving scheme | |
| Koha item type | Thesis |
| 650 ## - SUBJECT ADDED ENTRY--TOPICAL TERM | |
| -- | 55262 |
| 700 ## - ADDED ENTRY--PERSONAL NAME | |
| -- | 55263 |
| Withdrawn status | Lost status | Source of classification or shelving scheme | Damaged status | Not for loan | Permanent Location | Current Location | Shelving location | Date acquired | Full call number | Barcode | Date last seen | Price effective from | Koha item type |
|---|---|---|---|---|---|---|---|---|---|---|---|---|---|
| WITHDRAWN | Central Library (CL) | Central Library (CL) | Thesis | 05/24/2021 | BEE-5 FUR | SEECSP01148 | 05/24/2021 | 05/24/2021 | Project Report |
